| 000 | 01365nam a2200313 c 4500 | ||
|---|---|---|---|
| 003 | BLK | ||
| 005 | 20240909125019.0 | ||
| 008 | 180411b bul|||||r ||||||| ||bul|| | ||
| 010 | _aKNG00197399000 | ||
| 040 | _aBLK | ||
| 041 |
_aBUL _cBUL |
||
| 080 |
_aАмериканска литература (на САЩ) _b821.111(73) _x-31 _z821.111(73)-31 |
||
| 100 | 1 |
_aХемингуей, Ърнест _eпърви автор _9367561 |
|
| 700 | 1 |
_aСербезова, Стоянка _eпрев. от англ. _9365004 |
|
| 700 | 1 |
_aПротохристова, Клео _eс предг. от _9379929 |
|
| 139 |
_aХемингуей, Ърнест _bХ 41 |
||
| 245 | 1 | 0 |
_aОтвъд реката, сред дърветата _bРоман _cЪрнест Хемингуей; прев. от англ. Стоянка Сербезова; с предг. от Клео Протохристова. |
| 257 | _aUSA | ||
| 260 |
_аПловдив _bХристо Г. Данов _c1981 |
||
| 300 |
_a213 с. _c20 см |
||
| 380 | _aX | ||
| 500 | _aОриг. загл. Across the river and into the trees. - В кн. означено 3. - 130 500 тир. | ||
| 852 | _aЦб 109100 | ||
| 856 | 4 |
_qpdf _u |
|
| 856 | 4 |
_qpdf _u |
|
| 942 |
_cKNG _n0 _07 |
||
| 944 |
_aCR _c05.12.2016 _k30542 _lРусанова Ирена |
||
| 944 |
_aED _c05.12.2016 _kВаля_Йорданова |
||
| 999 |
_c188381 _d188381 |
||